00632nam a2200229 a 4500001001300000003000900013005001700022008004100039020001000080082001300090100001600103245002500119260002600144300000900170500003500179505002800214650003800242902000800280942000700288952009200295999001500387nice12345678IN_TiNIC20260116011520.0050524s1907 leia grp 000 0 ara  ac10000a915bJUB aJubayr, Ibn aTravel of the Jubayr aLeiden bBrill c1907 a363p aincludes index and biblioraphy2 aIndex, Memorial Edition aIbn-Jubayr Description and Travel bSRS cBK 00104070aHMIbHMId2007-06-05g100.00l0o915 JUBp523r2007-06-05w2026-01-16yARB c2217d2217